000 00310nam a22001457a 4500
008 230912b ||||| |||| 00| 0 eng d
020 _a021298392
041 _aeng
080 _a521
082 _a521COU
100 _a19
101 _aASTRO
245 _aTHE SOLAR SYSTEM
_cCOUSINS .W.F
942 _2udc
_cBK
999 _c60347
_d60347